Normal view
MARC view
- Situation comedies (Television programs)
Entry Topical Term
001 - CONTROL NUMBER
- control field: 91392
003 - CONTROL NUMBER IDENTIFIER
- control field: NUST
005 - DATE AND TIME OF LATEST TRANSACTION
- control field: 20220509134746.0
008 - FIXED-LENGTH DATA ELEMENTS
- fixed length control field: 220509|| aca||aabn | a|a d
040 ## - CATALOGING SOURCE
- Original cataloging agency: NUST
- Transcribing agency: NUST
150 ## - HEADING--TOPICAL TERM
- Topical term or geographic name entry element: Situation comedies (Television programs)
- General subdivision: Authorship
670 ## - SOURCE DATA FOUND
- Source citation: Work cat.: (NUST)0: Sedita, Scott. 91390, The eight characters of comedy :, c2006.
